• 首页
  • 本馆介绍
  • 公告通知
  • 最新文献
  • 馆藏检索
  • 电子资源
  • 读者导购
  • 参考咨询
  • 我的图书馆
  • 登录
  • 详细信息显示
  • 放入我的书架
  • 预约/预借图书
  • 作者相关作品
  • 分类相关作品
  • 丛书相关作品
  • 出版社相关作品

书目信息

  • 表格格式
  • 工作单格式
  • 卡片格式
题名:
信息系统与知识发现
    
 
作者: 张文修 编著
分册:  
出版信息: 北京   科学出版社  2003
页数: 244页
开本: 24cm
丛书名: 科学版研究生教学丛书
单 册:
中图分类: G202 , TP18
科图分类:
主题词: 信息系统--研究生--教材 , 知识工程--研究生--教材 , 知识工程 , 信息系统
电子资源:
ISBN: 7-03-011521-X
000 01161nam0 2200325 450
000 01167nam0 2200325 450
000 01100nam0 2200301 450
000 01063nam0 2200289 45
005 20070525092803.62
010    @a7-03-011521-X@dCNY24.00
100    @a20070418d2003 em y0chiy0120 ea
101 0  @achi
102    @aCN@b110000
105    @ay z 000yy
200 1  @a信息系统与知识发现@AXin Xi Xi Tong Yu Zhi Shi Fa Xian@f张文修等编著@FZhang Wen Xiu Deng Bian Zhu
210    @a北京@c科学出版社@d2003
215    @a244页@d24cm
225 2  @a科学版研究生教学丛书
300    @a国家重点基础研究发展计划(973计划)项目“复杂生产制造过程实时智能控制与优化理论和方法研究”资助
330    @a本书坚持严格的数学模式与方法的实际可实现性紧密结合,以粗糙集、模糊集和随机集理论为工具,论述了信息系统上的知识发现与知识约简理论。
410  0 @12001 @a科学版研究生教学丛书
606 0  @a信息系统@x研究生@j教材
606 0  @a知识工程@x研究生@j教材
606 0  @a知识工程
606 0  @a信息系统
690    @aG202@v4
690    @aTP18@v4
701  0 @a张文修@AZhang Wen Xiu@c(数学家,@f1940~)@4编著
801  0 @aCN@bTAOJIN@c20070525
905    @a10447@dG202@e222
    
    信息系统与知识发现/张文修等编著.-北京:科学出版社,2003
    244页;24cm.-(科学版研究生教学丛书)
    国家重点基础研究发展计划(973计划)项目“复杂生产制造过程实时智能控制与优化理论和方法研究”资助
    
    ISBN 7-03-011521-X:CNY24.00
    本书坚持严格的数学模式与方法的实际可实现性紧密结合,以粗糙集、模糊集和随机集理论为工具,论述了信息系统上的知识发现与知识约简理论。
●
相关链接 在E读中查询图书 在五车中查询图书 在当当中查询图书 在豆瓣中查询图书


正题名:信息系统与知识发现     索取号:G202/222         预约/预借

序号 登录号 条形码 馆藏地/架位号 状态 备注
1 0522355   205223550   第一样本阅览室/ [索取号:G202/222] 在馆    
2 0522356   205223569   第四借阅区/ [索取号:G202/222] 在馆    
唐山师范学院图书馆 欢迎您!
大连网信软件有限公司© 版权所有